| 000 | 00181nam a22000737a 4500 | ||
|---|---|---|---|
| 999 |
_c24177 _d24177 |
||
| 003 | Nust | ||
| 005 | 20170526161404.0 | ||
| 008 | 140509b xxu||||| |||| 00| 0 eng d | ||
| 020 |
_cAvailable _a9780195799576 |
||
| 040 |
_aDLC _bDLC _cRCMS |
||
| 082 |
_211th,ed. _a330 KHA |
||
| 100 |
_a Fazle Krim Khan _9482 |
||
| 245 |
_aEconomic Geography _cKarim, Fazle |
||
| 260 |
_aKarachi _bSaleem Publishing House _cc1998 |
||
| 300 |
_a286,p: _bill: _c22,cm. |
||
| 538 | _iShelf # 13, Row # 3, Fiction. | ||
| 650 |
_aGeography in Pakistan _9483 |
||
| 856 | _3Table of Content Only | ||
| 942 |
_2ddc _cFIC |
||